| 000 | 00000nam 2200000zi 4500 |
| 001 | 9.924514 |
| 003 | CaOODSP |
| 005 | 20230907151538 |
| 006 | m o d f |
| 007 | cr mn||||||||| |
| 008 | 230627t20232023onca o f000 0 ||| d |
| 020 | |a9780660492698 |
| 040 | |aCaOODSP|bfre|erda|cCaOODSP |
| 041 | 7|acrk|2iso639-3 |
| 043 | |an-cn--- |
| 086 | 1 |aH144-87/3-2023Crk-PDF |
| 245 | 00|aPasitêwin kaskâpahtêwin 101 : |bka-âpacihihk sâpoyowêwin kanâcihcikan ta-sîkopâtina pasitêwin kaskâpahtêwin. |
| 250 | |a[Édition cri des plaines]. |
| 264 | 1|a[Ottawa] : |bSanté Canada = Health Canada, |c[2023] |
| 264 | 4|c©2023 |
| 300 | |a1 ressource en ligne (2 pages non numérotées) : |billustrations en couleur |
| 336 | |atexte|btxt|2rdacontent/fre |
| 337 | |ainformatique|bc|2rdamedia/fre |
| 338 | |aressource en ligne|bcr|2rdacarrier/fre |
| 500 | |aPublié aussi en français sous le titre : Fumée des feux de forêt 101 : utilisation d'un purificateur d'air pour filtrer la fumée des feux de forêt; et en anglais sous le titre : Wildfire smoke 101 : using an air purifier to filter wildfire smoke. |
| 500 | |a« Pub.: 230156. » |
| 546 | |aTexte en cri des plaines. |
| 650 | 6|aAir|xÉpuration|zCanada|xAppareils et matériel. |
| 650 | 6|aFumée|xLutte contre|zCanada|xAppareils et matériel. |
| 650 | 6|aFeux de friches|zCanada|xSécurité|xMesures. |
| 710 | 1 |aCanada. |bSanté Canada, |eorganisme de publication. |
| 775 | 08|tFumée des feux de fôret 101 : |w(CaOODSP)9.923795 |
| 791 | |tPasitêwin kaskâpahtêwin 101 : |eeng|w(CaOODSP)9.924338 |
| 856 | 40|qPDF|s2.05 Mo|uhttps://publications.gc.ca/collections/collection_2023/sc-hc/H144-87-3-2023-crk.pdf |
| 986 | |a230156 |